00511nam a2200205Ia 4500008004100000020001500041050000800056050001400064245005100078250001800129260001800147260000900165260000900174300001600183300002000199300001000219650002400229650002200253650003000275171120s9999    xx            000 0 und d  a9710328026  a413  bN532 2001 4aThe new Philippines comprehensive dictionary /  aFirst edition  aPhilippines :  bISP,  c2001  a824 pages :  billustrations ;  c30cm.  aEnglish language --  aEnglish language.  xDictionaries -- Polyglot.